Influencer marketing v rámci konceptu udržateľného marketingu diplomová práca

Salvato in:
Dettagli Bibliografici
Autore principale: Tkáčiková, Kristína
Ente Autore: Obchodná fakulta EU. Katedra marketingu
Altri autori: Chomová, Katarína, 1983-
Natura: Libro
Lingua:slovacco
Pubblicazione: Bratislava 2022
Tags: Aggiungi Tag
Nessun Tag, puoi essere il primo ad aggiungerne!!

MARC

LEADER 00000nbm a2200000 4500
001 0284181
005 20221130084927.2
041 0 |a slo 
044 |a SK 
245 1 0 |a Influencer marketing v rámci konceptu udržateľného marketingu  |b diplomová práca  |c Kristína Tkáčiková ; školiteľ: Katarína Chomová 
264 1 |a Bratislava  |c 2022 
300 |a 75 s. 
100 1 |a Tkáčiková, Kristína 
700 1 |a Chomová, Katarína, 1983- 
710 2 |a Obchodná fakulta EU. Katedra marketingu